| 000 | 00482nam a2200181Ia 4500 | ||
|---|---|---|---|
| 003 | IN-BaIIA | ||
| 008 | 211028s9999 xx 000 0 eng d | ||
| 040 | _cIIA Library | ||
| 080 |
_a52 _bWOO |
||
| 100 |
_aWooley, R Van Der Riet _93411 |
||
| 245 | 2 |
_aA key to the stars _cRichard van der Riet Woolley |
|
| 250 | _a3rd ed. | ||
| 260 |
_aLondon _bBlackie & Sons _c1957 |
||
| 300 | _a144p. | ||
| 650 |
_aAstronomy _980 |
||
| 650 | _aAstronomy and astrophysics thesaurus | ||
| 942 | _cBK | ||
| 999 |
_c1745 _d1745 |
||